000 00657nam a2200229 a 4500
999 _c1347
_d1347
001 1347
003 BD-JhCC
005 20171019093437.0
008 171018s2012 bg |||| ||a| 000 0 ben d
020 _a9788942475
035 _a(BD-JhCC)1347
040 _aBD-JhCC
_dBD-JhCC
041 _aben
082 _a808.8032
_bKAT 2012
100 _aখাতুন, রাবেয়া
245 _aভ্রমনসমগ্র /
_cরাবেয়া খাতুন
260 _aঢাকা :
_bসময় প্রকাশন,
_c২০১২.
300 _a440 p. :
_c22 cm.
650 _aTravel Literature
942 _2ddc
_cBK